000 00469nam a2200181 a 4500
001 1758452260144
003 ACL
005 20250921163105.0
008 250921s2003##################000#0#eng##
020 _a9781580421065
082 0 4 _a795.4120285
_bCAR
100 1 _aCardoza, Avery,
_eauthor.
245 1 0 _aSecrets of Winning Video Poker, 2nd Edition :
260 _bCardoza,
_c2003.
650 0 _aGames & Activities.
942 _cENGLISH
040 _aACL
_beng
_cACL
999 _c588631
_d588631